Các phương pháp kinh tế kế hoạch trong quản lý : Lưu hành nội bộ. t.I /

Kaydedildi:
Detaylı Bibliyografya
Yazar: Bachurin, A.V.
Materyal Türü: Sách giấy
Dil:Vietnamese
Baskı/Yayın Bilgisi: H. : Sự thật, 1978.
Etiketler: Etiketle
Etiket eklenmemiş, İlk siz ekleyin!
Thư viện lưu trữ: Thư viện Trường Đại học Đà Lạt
LEADER 00648nam a2200265 4500
001 DLU110125608
005 ##20110922
040 # # |a DLU  |b vie 
041 # # |a vie 
044 # # |a vn 
082 # # |a 330.124  |b BA-A 
100 # # |a Bachurin, A.V. 
245 # # |a Các phương pháp kinh tế kế hoạch trong quản lý :  |b Lưu hành nội bộ.  |n t.I /  |c A.V. Bachurin. 
260 # # |a H. :  |b Sự thật,  |c 1978. 
300 # # |a 254 tr. ;  |c 19 cm. 
991 # # |a SH 
992 # # |a 88 
994 # # |a DLU 
900 # # |a True 
911 # # |a Nguyễn Huyền Anh 
925 # # |a G 
926 # # |a A 
927 # # |a SH 
980 # # |a Thư viện Trường Đại học Đà Lạt